La capacidad hegemónica del sindicalismo en Chile

Furkejuvvon:
Bibliográfalaš dieđut
Váldodahkki: Falabella, Gonzálo
Materiálatiipa: Texto
Almmustuhtton: Managua :
Fáddágilkorat: Lasit fáddágilkoriid
Eai fáddágilkorat, Lasit vuosttaš fáddágilkora!

MARC

LEADER 00000 a a2200000 04500
001 14535
003
040 |a CRAI/IIS  |c CRAI/IIS 
090 |a 022900  
100 |a Falabella, Gonzálo  
245 |a La capacidad hegemónica del sindicalismo en Chile  
260 |a Managua :  
300 |a 22 p.  
999 |c 4144  |d 4144